Economic planning in France: its relation to the policies of the development countries of Western Europe (Record no. 367356)

000 -LEADER
fixed length control field 00491cam a22001337a 4500
008 - FIXED-LENGTH DATA ELEMENTS--GENERAL INFORMATION
fixed length control field 180718b1965 xxu||||| |||| 00| 0 eng d
082 ## - DEWEY DECIMAL CLASSIFICATION NUMBER
Classification number T000x44 H115e
100 ## - MAIN ENTRY--PERSONAL NAME
Personal name Hackett, John
245 ## - TITLE STATEMENT
Title Economic planning in France: its relation to the policies of the development countries of Western Europe
Statement of responsibility, etc. by John Hackett
260 ## - PUBLICATION, DISTRIBUTION, ETC.
Place of publication, distribution, etc. Bombay
Name of publisher, distributor, etc. Asia
Date of publication, distribution, etc. 1965
300 ## - PHYSICAL DESCRIPTION
Extent 55p.
500 ## - GENERAL NOTE
General note Rs.3.00; 3 lectures under auspices of council for Economic Education
650 ## - SUBJECT ADDED ENTRY--TOPICAL TERM
Topical term or geographic name entry element Economic Planning - France
Holdings
Withdrawn status Lost status Damaged status Not for loan Permanent Location Current Location Date acquired Full call number Barcode Date last seen Price effective from Koha item type
        Indian Institute of Public Administration Indian Institute of Public Administration 1994-05-12 T000x44 H115e 36983 2018-07-21 2018-07-21 Book

Powered by Koha